[Event "Elit(Sollentuna-Rockaden)"]
[Site "?"]
[Date "2006.??.??"]
[Round "8"]
[White "Berg, Emanuel"]
[Black "Barkhagen, Jonas"]
[Result "1/2-1/2"]
[WhiteElo "2618"]
[BlackElo "2542"]
[PlyCount "154"]
[EventDate "2006.??.??"]

1. e4 e5 2. Nf3 Nc6 3. Bb5 a6 4. Ba4 Nf6 5. O-O Be7 6. Re1 b5 7. Bb3 d6 8. c3
O-O 9. h3 Nd7 10. d4 Bf6 11. a4 Bb7 12. Be3 Na5 13. Bc2 Nc4 14. Bc1 d5 15. exd5
Bxd5 16. b3 Bxf3 17. Qxf3 Nd6 18. Nd2 exd4 19. cxd4 Bxd4 20. Qd3 Nf5 21. Ba3
Bxa1 22. Rxa1 g6 23. Qc3 c5 24. Bxf5 b4 25. Qc2 bxa3 26. Be4 Rb8 27. Rxa3 Qf6
28. Nc4 Qd4 29. Ne3 Rfd8 30. Bd3 a5 31. Ra2 Ne5 32. Bb5 Qb4 33. Rb2 Rd4 34. Qe2
Rbd8 35. Nf1 Re4 36. Ne3 Qd4 37. Rb1 f5 38. Qc2 Qb4 39. Rc1 Rd2 40. Qxc5 Qxc5
41. Rxc5 f4 42. Nf1 Rd1 43. f3 Re3 44. Kf2 Nd3+ 45. Bxd3 Rexd3 46. Ke2 Rd5 47.
Rxa5 Rd7 48. Ra8+ Kf7 49. Ra7 Ke6 50. Rxd7 Rxd7 51. Nd2 Ke5 52. Ne4 Rd8 53. Nc5
Kd5 54. Nd3 g5 55. h4 h6 56. hxg5 hxg5 57. Nf2 Rb8 58. Ne4 Rxb3 59. Nxg5 Rb2+
60. Kf1 Kd4 61. Kg1 Ra2 62. Kh2 Ke3 63. Nh3 Rxa4 64. Kg1 Ra1+ 65. Kh2 Ra5 66.
Kg1 Rh5 67. Kh2 Rh8 68. Kg1 Rxh3 69. gxh3 Kxf3 70. Kf1 Kg3 71. h4 Kxh4 72. Kf2
Kg4 73. Kg2 f3+ 74. Kf2 Kf4 75. Kf1 Kg3 76. Kg1 f2+ 77. Kf1 Kf3 1/2-1/2

[Event "Elit(Sollentuna-Rockaden)"]
[Site "?"]
[Date "2006.??.??"]
[Round "8"]
[White "Hermansson, Emil"]
[Black "Carlsson, Pontus"]
[Result "1/2-1/2"]
[WhiteElo "2502"]
[BlackElo "2586"]
[PlyCount "68"]
[EventDate "2006.??.??"]

1. e4 c5 2. Nf3 d6 3. d4 cxd4 4. Nxd4 Nf6 5. Nc3 g6 6. Be3 Bg7 7. f3 O-O 8. Qd2
Nc6 9. Bc4 Bd7 10. O-O-O Rc8 11. Bb3 Nxd4 12. Bxd4 b5 13. Nd5 Nxd5 14. exd5
Bxd4 15. Qxd4 a5 16. a3 b4 17. axb4 axb4 18. Qxb4 Rb8 19. Qc3 Qb6 20. Rd4 Ra8
21. Re1 Rfc8 22. Bc4 Ra1+ 23. Kd2 Rxe1 24. Kxe1 e5 25. dxe6 Bxe6 26. Qd3 Bxc4
27. Rxc4 Qg1+ 28. Kd2 Qf2+ 29. Kc3 Qe1+ 30. Kb3 Rb8+ 31. Ka2 Ra8+ 32. Kb3 Rb8+
33. Ka2 Ra8+ 34. Kb3 Rb8+ 1/2-1/2

[Event "Elit(Sollentuna-Rockaden)"]
[Site "?"]
[Date "2006.??.??"]
[Round "8"]
[White "Dzevlan, Miralem"]
[Black "Livner, Anders"]
[Result "1/2-1/2"]
[WhiteElo "2451"]
[BlackElo "2407"]
[PlyCount "78"]
[EventDate "2006.??.??"]

1. d4 d5 2. c4 dxc4 3. Nf3 Nf6 4. e3 e6 5. Bxc4 c5 6. O-O a6 7. a3 b5 8. Ba2
Bb7 9. dxc5 Bxc5 10. b4 Bd6 11. Bb2 O-O 12. Nbd2 Qe7 13. Qe2 Nbd7 14. e4 e5 15.
Bc3 g6 16. Rfc1 h6 17. Ne1 Kh7 18. f3 Bc7 19. Nd3 Nh5 20. Bd4 Rac8 21. Bf2 Ng7
22. Rc2 Bd6 23. Rac1 Rxc2 24. Rxc2 Rc8 25. Rxc8 Bxc8 26. Nb3 Nf8 27. Nbc5 Nge6
28. Bd5 Nc7 29. Qa2 Nxd5 30. Qxd5 Nd7 31. Nxd7 Qxd7 32. Bc5 Bb8 33. Qxd7 Bxd7
34. Kf2 Kg7 35. Bb6 Bd6 36. Ke3 Be6 37. Bc5 Bc7 38. Ba7 Bd6 39. Bc5 Bc7 1/2-1/2

[Event "Elit(Sollentuna-Rockaden)"]
[Site "?"]
[Date "2006.??.??"]
[Round "8"]
[White "Wessman, Rickard"]
[Black "Lindberg, Bo"]
[Result "1/2-1/2"]
[WhiteElo "2481"]
[BlackElo "2493"]
[PlyCount "48"]
[EventDate "2006.??.??"]

1. c4 e5 2. Nc3 Nc6 3. g3 f5 4. Bg2 Nf6 5. d3 Bb4 6. Nf3 e4 7. dxe4 Nxe4 8. Bd2
Bxc3 9. Bxc3 Nxc3 10. bxc3 d6 11. Rb1 O-O 12. O-O Rb8 13. Nd4 Nxd4 14. cxd4 f4
15. e3 Be6 16. exf4 Bxc4 17. Re1 b5 18. d5 Bxa2 19. Ra1 Bc4 20. Rxa7 Ra8 21.
Rxa8 Qxa8 22. Be4 Qa5 23. h4 Re8 24. Bxh7+ Kxh7 1/2-1/2

[Event "Elit(Sollentuna-Rockaden)"]
[Site "?"]
[Date "2006.??.??"]
[Round "8"]
[White "Ong, Kezli"]
[Black "Hedman, Erik"]
[Result "1-0"]
[WhiteElo "2366"]
[BlackElo "2429"]
[PlyCount "91"]
[EventDate "2006.??.??"]

1. e4 e6 2. d3 d5 3. Nd2 Nf6 4. Ngf3 b6 5. g3 dxe4 6. dxe4 Bb7 7. Qe2 Nc6 8. c3
a5 9. Bg2 Ba6 10. c4 e5 11. O-O Bc5 12. b3 Qe7 13. Bb2 O-O 14. h3 Rfd8 15. Rfd1
Rd6 16. Nf1 Rad8 17. Rxd6 Qxd6 18. Ne3 Bxe3 19. Qxe3 Nd7 20. Nh4 Nc5 21. Bc3
Bc8 22. Nf5 Qd3 23. Rc1 g6 24. Qh6 Ne6 25. Ne3 Qd6 26. Nd5 Ned4 27. Kh2 Ne7 28.
Qh4 Nec6 29. Bd2 h5 30. g4 Ne2 31. Re1 Nf4 32. gxh5 Nxh5 33. Bg5 Rf8 34. Nf6+
Kg7 35. Nxh5+ gxh5 36. Qxh5 Qg6 37. Qxg6+ Kxg6 38. Be3 Nb4 39. a3 Nc2 40. Rg1
Nxa3 41. Bf3+ Kf6 42. Bh6 Re8 43. Bh5 Nc2 44. Bg7+ Ke6 45. Rg5 Ke7 46. Bxe5 1-0

[Event "Elit(Wasa-Linkoping)"]
[Site "?"]
[Date "2006.??.??"]
[Round "8"]
[White "Palo, Davor"]
[Black "Lyrberg, Patrik"]
[Result "1/2-1/2"]
[WhiteElo "2546"]
[BlackElo "2558"]
[PlyCount "80"]
[EventDate "2006.??.??"]

1. d4 Nf6 2. c4 e6 3. Nc3 Bb4 4. Qc2 d5 5. cxd5 exd5 6. Bg5 h6 7. Bh4 O-O 8. e3
Be6 9. Nf3 Nbd7 10. a3 Be7 11. Be2 c5 12. O-O Rc8 13. Qb1 Re8 14. Rd1 c4 15.
Ne5 Nxe5 16. dxe5 Nd7 17. Bxe7 Qxe7 18. Nxd5 Bxd5 19. Rxd5 Nxe5 20. Qe4 c3 21.
bxc3 Rxc3 22. Qd4 Rc2 23. Bb5 Nc6 24. Bxc6 bxc6 25. Rd7 Qe6 26. Rxa7 c5 27. Qf4
Rd8 28. Rf1 c4 29. h4 c3 30. Rc7 Rc8 31. a4 Rxc7 32. Qxc7 Qb3 33. e4 Rd2 34.
Qc8+ Kh7 35. Qf5+ g6 36. Qf4 Rd1 37. Rxd1 Qxd1+ 38. Kh2 c2 39. Qxf7+ Kh8 40.
Qf8+ Kh7 1/2-1/2

[Event "Elit(Wasa-Linkoping)"]
[Site "?"]
[Date "2006.??.??"]
[Round "8"]
[White "Wedberg, Tom"]
[Black "Malesevic, Nedeljko"]
[Result "1/2-1/2"]
[WhiteElo "2553"]
[BlackElo "2341"]
[PlyCount "45"]
[EventDate "2006.??.??"]

1. e4 c6 2. d4 d5 3. Nd2 dxe4 4. Nxe4 Nf6 5. Nxf6+ exf6 6. Be2 Bd6 7. Bf3 O-O
8. Ne2 Qc7 9. g3 Re8 10. O-O Bf5 11. c4 Na6 12. c5 Bf8 13. Nc3 Rad8 14. Qa4 Bh3
15. Rd1 Qd7 16. Be3 Qf5 17. Bh1 h5 18. Re1 Bg4 19. Qc4 Nc7 20. Bf4 Qd7 21. b4
Be6 22. Qd3 Nd5 23. Nxd5 1/2-1/2

[Event "Elit(Wasa-Linkoping)"]
[Site "?"]
[Date "2006.??.??"]
[Round "8"]
[White "Jonsson, Hans"]
[Black "Astrom, Goran"]
[Result "1/2-1/2"]
[WhiteElo "2422"]
[BlackElo "2346"]
[PlyCount "128"]
[EventDate "2006.??.??"]

1. e4 c5 2. Nf3 e6 3. d4 cxd4 4. Nxd4 a6 5. Bd3 Bc5 6. Nb3 Be7 7. Qg4 g6 8. Qe2
d6 9. O-O Nd7 10. f4 h5 11. Nc3 Ngf6 12. e5 Ng4 13. exd6 Qb6+ 14. Kh1 Qxd6 15.
Ne4 Qc7 16. Bd2 O-O 17. Bc3 Ndf6 18. h3 Nxe4 19. Bxe4 Nf6 20. Be5 Qb6 21. Rad1
Nxe4 22. Qxe4 Rd8 23. Bd4 Qc6 24. Qxc6 bxc6 25. Na5 c5 26. Be5 Rd7 27. c4 f6
28. Bc3 Kf7 29. Kg1 Raa7 30. Kf2 Rac7 31. Ke3 Bb7 32. Rxd7 Rxd7 33. Nxb7 Rxb7
34. Rd1 Ke8 35. g4 Rd7 36. Rg1 Kf7 37. a3 Rd8 38. gxh5 gxh5 39. Ke2 Rg8 40.
Rxg8 Kxg8 41. b4 cxb4 42. axb4 Kf7 43. Kf3 Bd8 44. Bd4 Bc7 45. b5 axb5 46. cxb5
Bb8 47. Be3 Kg6 48. Ke4 f5+ 49. Kf3 Kf7 50. b6 Ke7 51. Kg3 Kd6 52. Kh4 Kd5 53.
Kxh5 Ke4 54. Bc1 e5 55. fxe5 Bxe5 56. b7 f4 57. Bxf4 Bxf4 58. Kg4 Bd6 59. h4
Kd5 60. Kf5 Kc6 61. h5 Kxb7 62. h6 Bf8 63. h7 Bg7 64. Kg6 Ba1 1/2-1/2

[Event "Elit(Wasa-Linkoping)"]
[Site "?"]
[Date "2006.??.??"]
[Round "8"]
[White "von Bahr, Oskar"]
[Black "Olsson, Conny"]
[Result "0-1"]
[WhiteElo "2366"]
[BlackElo "2247"]
[PlyCount "116"]
[EventDate "2006.??.??"]

1. e4 a6 2. d4 b5 3. Bd3 Bb7 4. Nf3 Nf6 5. e5 Nd5 6. O-O c5 7. dxc5 e6 8. Nbd2
Bxc5 9. Ne4 Be7 10. Bg5 f6 11. exf6 gxf6 12. Bh6 Qb6 13. Nfd2 Nc6 14. c4 Ndb4
15. Qh5+ Kd8 16. cxb5 Nxd3 17. bxc6 Bxc6 18. Qf7 Qd4 19. Be3 Qb4 20. a3 Qb7 21.
Nc4 Rf8 22. Qg7 Bxe4 23. Rfd1 Qb5 24. b3 Qh5 25. Nb6 Rb8 26. Qg3 e5 27. Rd2 Qg6
28. Rad1 Qxg3 29. hxg3 Bxa3 30. Rxd3 Bxd3 31. Rxd3 Rb7 32. Kf1 Bb4 33. Ke2 Rf7
34. Kf3 f5 35. Rd5 d6 36. Rd1 Ke7 37. Bg5+ Ke6 38. Be3 Rfc7 39. Rh1 Rg7 40.
Rh6+ Rg6 41. Rh4 e4+ 42. Ke2 Ba5 43. Nc4 Bc3 44. Bd2 Bxd2 45. Nxd2 d5 46. Ke3
h6 47. Kd4 Rb4+ 48. Kc5 a5 49. Rh1 Ke5 50. Ra1 Rgb6 51. Rxa5 h5 52. Nf1 Rxb3
53. Ne3 Rxe3 54. fxe3 Rb3 55. Kc6 Rxe3 56. Rxd5+ Kf6 57. Rd2 Rxg3 58. Kd5 Rd3+
0-1

[Event "Elit(Wasa-Linkoping)"]
[Site "?"]
[Date "2006.??.??"]
[Round "8"]
[White "Ericsson, Robert"]
[Black "Hellborg, Teodor"]
[Result "1-0"]
[WhiteElo "2207"]
[BlackElo "2389"]
[PlyCount "59"]
[EventDate "2006.??.??"]

1. e4 c5 2. Nc3 Nc6 3. f4 e6 4. Nf3 d5 5. Bb5 Nf6 6. Ne5 Qc7 7. Qf3 a6 8. exd5
exd5 9. Bxc6+ bxc6 10. b3 Bd6 11. O-O O-O 12. Ba3 Qa5 13. Na4 Ne4 14. Nc4 Qc7
15. d3 Ng5 16. fxg5 Bxh2+ 17. Kf2 dxc4 18. g3 Be6 19. dxc4 f6 20. g6 hxg6 21.
Kg2 Kf7 22. Nxc5 Bf5 23. Rh1 Rad8 24. Rxh2 Rd2+ 25. Kg1 Rxh2 26. Kxh2 Rh8+ 27.
Kg2 Bh3+ 28. Kf2 Rh5 29. Ne4 Rf5 30. Nd6+ 1-0

[Event "Elit(Wasa-Linkoping)"]
[Site "?"]
[Date "2006.??.??"]
[Round "8"]
[White "Soderberg, Per"]
[Black "Rosberg, Simon"]
[Result "0-1"]
[WhiteElo "2225"]
[BlackElo "2147"]
[PlyCount "104"]
[EventDate "2006.??.??"]

1. e4 c5 2. Nf3 Nc6 3. Bb5 g6 4. O-O Bg7 5. c3 Nf6 6. Re1 O-O 7. h3 Ne8 8. Na3
e5 9. Nc2 Nc7 10. Bf1 d5 11. d3 h6 12. b4 cxb4 13. Nxb4 Nxb4 14. cxb4 d4 15. a4
b5 16. axb5 Nxb5 17. Ra5 Qb6 18. Nd2 Nc3 19. Qb3 Be6 20. Nc4 Bxc4 21. Qxc4 Rfc8
22. Rc5 Rxc5 23. bxc5 Qb5 24. Qxb5 Nxb5 25. Bd2 Rc8 26. Rc1 Bf8 27. c6 Nc7 28.
Be2 Ne6 29. Bg4 h5 30. Bxe6 fxe6 31. Bg5 Kf7 32. Kf1 Be7 33. Bxe7 Kxe7 34. Ra1
Rc7 35. Ra6 Kd6 36. h4 Kc5 37. Ra5+ Kb4 38. Rxe5 Rxc6 39. Rg5 a5 40. Rxg6 a4
41. Rg8 Ra6 42. Rc8 a3 43. Rc1 a2 44. Ra1 Kc3 45. Ke2 Kb2 46. Rxa2+ Rxa2 47. f4
Kc3+ 48. Kf3 Kxd3 49. f5 exf5 50. exf5 Ra5 51. g4 hxg4+ 52. Kxg4 Ke4 0-1

[Event "Elit(Wasa-Linkoping)"]
[Site "?"]
[Date "2006.??.??"]
[Round "8"]
[White "Klashed, Martin"]
[Black "Berkell, Peder"]
[Result "0-1"]
[WhiteElo "2204"]
[BlackElo "2106"]
[PlyCount "78"]
[EventDate "2006.??.??"]

1. e4 g6 2. d4 Bg7 3. Nf3 d6 4. Bc4 e6 5. Nc3 a6 6. a4 b6 7. O-O Ne7 8. Be3 h6
9. Qd2 Nd7 10. Rad1 Bb7 11. h3 Kf8 12. Qe2 Kg8 13. Nd2 d5 14. Ba2 Kh7 15. Qf3
Rf8 16. Rfe1 c5 17. Ne2 Bc6 18. exd5 exd5 19. c3 Bxa4 20. b3 Bc6 21. Bb1 b5 22.
h4 c4 23. h5 Nf6 24. Nf4 Bd7 25. Qg3 Bf5 26. hxg6+ Bxg6 27. Nxg6 fxg6 28. Bxh6
Bxh6 29. Rxe7+ Qxe7 30. Qxg6+ Kh8 31. Qxh6+ Nh7 32. bxc4 bxc4 33. Nf3 Qg7 34.
Qh5 Ra7 35. Ne5 Kg8 36. Re1 Rb7 37. Ng6 Qf7 38. f3 Re8 39. Rxe8+ Qxe8 0-1

[Event "Elit(Wasa-Linkoping)"]
[Site "?"]
[Date "2006.??.??"]
[Round "8"]
[White "Collett, Peter"]
[Black "Axelsson, Tom"]
[Result "1/2-1/2"]
[WhiteElo "2236"]
[BlackElo "2069"]
[PlyCount "54"]
[EventDate "2006.??.??"]

1. d4 d5 2. c4 e6 3. Nc3 c5 4. cxd5 exd5 5. Nf3 Nc6 6. g3 Nf6 7. Bg2 Be7 8. O-O
O-O 9. Bg5 cxd4 10. Nxd4 h6 11. Be3 Re8 12. Rc1 Bg4 13. h3 Be6 14. Na4 Nxd4 15.
Bxd4 b6 16. Nc3 Qd7 17. Kh2 Rad8 18. Qd3 Ne4 19. Qa6 h5 20. h4 Bd6 21. Rcd1 Qe7
22. f4 Nxc3 23. Bxc3 Bg4 24. Bf3 Bxf4 25. gxf4 Qxh4+ 26. Kg1 Qg3+ 27. Kh1 Qh3+
1/2-1/2

[Event "Elit(Kamraterna-Manhem)"]
[Site "?"]
[Date "2006.??.??"]
[Round "8"]
[White "Schneider, Lars-Ake"]
[Black "Svensson, Bengt"]
[Result "0-1"]
[WhiteElo "2356"]
[BlackElo "2463"]
[PlyCount "48"]
[EventDate "2006.??.??"]

1. Nf3 c5 2. c4 Nf6 3. g3 d5 4. cxd5 Nxd5 5. Bg2 Nc6 6. Nc3 e6 7. O-O Be7 8. d4
O-O 9. Nxd5 exd5 10. dxc5 Bxc5 11. Bg5 Qd7 12. Qc2 Bb6 13. Rad1 h6 14. Bd2 Qg4
15. Qd3 Rd8 16. Be3 d4 17. Bf4 Bf5 18. Qd2 Qh5 19. Qc1 Rac8 20. Qa1 d3 21. exd3
Bg4 22. Nd2 Bxd1 23. Qxd1 Qxd1 24. Rxd1 g5 0-1

[Event "Elit(Kamraterna-Manhem)"]
[Site "?"]
[Date "2006.??.??"]
[Round "8"]
[White "Svenn, Gosta"]
[Black "Nithander, Victor"]
[Result "0-1"]
[WhiteElo "2385"]
[BlackElo "2375"]
[PlyCount "158"]
[EventDate "2006.??.??"]

1. Nf3 g6 2. g3 Bg7 3. Bg2 Nf6 4. O-O O-O 5. d3 c5 6. e4 Nc6 7. Nc3 d5 8. h3 d4
9. Ne2 e5 10. Ne1 Ne8 11. f4 exf4 12. gxf4 f5 13. Nf3 fxe4 14. dxe4 Nd6 15. Ng3
Kh8 16. c3 dxc3 17. bxc3 Nb5 18. e5 Qxd1 19. Rxd1 Nxc3 20. Rd3 Na4 21. Be3 Nb4
22. Rd2 c4 23. Nd4 Nd3 24. Rf1 g5 25. Nh5 gxf4 26. Bxf4 Nxf4 27. Nxf4 c3 28.
Re2 Bd7 29. Bxb7 Rab8 30. Bd5 Rb2 31. Bb3 Re8 32. Rff2 Bxe5 33. Nfe6 Rxe2 34.
Rxe2 Bxd4+ 35. Nxd4 Rxe2 36. Nxe2 Nc5 37. Nxc3 Bxh3 38. Bc4 Bf5 39. Kf2 Ne4+
40. Nxe4 Bxe4 41. Ke3 Bc6 42. Kf4 Kg7 43. Bd3 h6 44. Ke5 Bf3 45. Bc2 Kf7 46.
Bd3 Ke7 47. Bf5 Be2 48. Bh3 Bc4 49. a3 Bd3 50. Bg4 Bc2 51. Bh3 Ba4 52. Bg4 Bd7
53. Be2 Be6 54. Bd1 Bf7 55. Bg4 Be8 56. Bf5 h5 57. Bh3 Bd7 58. Bg2 Bg4 59. Bc6
h4 60. Bg2 Bc8 61. Bf1 Kd7 62. Kd5 Bb7+ 63. Ke5 Kc6 64. Kd4 Kb6 65. Bh3 Kb5 66.
Kc3 Bc6 67. Bg4 Kc5 68. Bh3 Be4 69. Bg4 Kd5 70. Kd2 Kd4 71. Bd7 Bf3 72. Bc8 Ke4
73. Bd7 Kf4 74. Ke1 Kg3 75. Kf1 a5 76. Kg1 Bg2 77. a4 h3 78. Bxh3 Bxh3 79. Kh1
Kf2 0-1

[Event "Elit(Kamraterna-Manhem)"]
[Site "?"]
[Date "2006.??.??"]
[Round "8"]
[White "Landgren, Philip"]
[Black "Haggstrom, Olle"]
[Result "1-0"]
[WhiteElo "2336"]
[BlackElo "2263"]
[PlyCount "113"]
[EventDate "2006.??.??"]

1. d4 e6 2. c4 Nf6 3. Nf3 b6 4. g3 Ba6 5. b3 Bb4+ 6. Bd2 Bxd2+ 7. Nbxd2 Bb7 8.
Qc2 c5 9. dxc5 bxc5 10. Bg2 O-O 11. O-O Qc7 12. Rfe1 Nc6 13. Rad1 Rfd8 14. Nb1
Rab8 15. Nc3 a6 16. e4 d6 17. Qc1 Qa5 18. Na4 e5 19. Nh4 Nd4 20. Nf5 h6 21. Nc3
Kh7 22. h3 Ng8 23. Kh2 Bc8 24. Ne3 Ne7 25. f4 f6 26. Rf1 Be6 27. f5 Bf7 28. g4
Rh8 29. Ned5 Rb7 30. Rd3 Kg8 31. Rg3 Kf8 32. h4 Nxd5 33. exd5 Ke7 34. Be4 Rbb8
35. Kg2 Rbg8 36. Rf2 Qb4 37. Qe3 Be8 38. Bb1 a5 39. Rb2 a4 40. Ne4 axb3 41.
axb3 h5 42. Qf2 hxg4 43. Rxg4 Bh5 44. Rg3 Be8 45. Ra2 Bd7 46. Ra7 Qb8 47. Qa2
Nxf5 48. Rxd7+ Kxd7 49. Nxc5+ dxc5 50. Bxf5+ Kd8 51. Qa5+ Qc7 52. Qa8+ Ke7 53.
d6+ Kxd6 54. Qd5+ Ke7 55. Qe6+ Kf8 56. Bg6 Qb7+ 57. Kf2 1-0

[Event "Elit(Kamraterna-Manhem)"]
[Site "?"]
[Date "2006.??.??"]
[Round "8"]
[White "Wengholm, Anders"]
[Black "Akesson, Joel"]
[Result "1-0"]
[WhiteElo "2261"]
[BlackElo "2369"]
[PlyCount "89"]
[EventDate "2006.??.??"]

1. Nf3 Nf6 2. c4 c6 3. d4 d5 4. Nc3 dxc4 5. a4 Bf5 6. Nh4 Bc8 7. e3 e5 8. Bxc4
exd4 9. exd4 Be7 10. O-O O-O 11. h3 Na6 12. Nf3 Nc7 13. Qb3 Nfd5 14. a5 Be6 15.
Re1 Rb8 16. Ne5 Nxc3 17. bxc3 Bxc4 18. Qxc4 Bd6 19. Ba3 Bxa3 20. Rxa3 a6 21.
Raa1 Rc8 22. Nd3 Qd5 23. Qb4 Qb5 24. Qxb5 Nxb5 25. Rac1 Rfe8 26. Re3 Rxe3 27.
fxe3 Re8 28. Kf2 Nd6 29. Nc5 Re7 30. Rb1 f5 31. g4 Ne4+ 32. Nxe4 fxe4 33. Ke2
Kf7 34. Rf1+ Ke6 35. Rf5 Kd6 36. c4 g6 37. Rf4 c5 38. Kd2 Kc6 39. Kc3 b6 40.
Rf6+ Kc7 41. axb6+ Kb7 42. dxc5 a5 43. Kb3 Re5 44. Rf7+ Kb8 45. c6 1-0

[Event "Elit(Kamraterna-Manhem)"]
[Site "?"]
[Date "2006.??.??"]
[Round "8"]
[White "Sagit, Rauan"]
[Black "Svenn, Matti"]
[Result "1-0"]
[WhiteElo "2328"]
[BlackElo "2290"]
[PlyCount "99"]
[EventDate "2006.??.??"]

1. e4 e5 2. Nf3 d6 3. d4 exd4 4. Qxd4 a6 5. Bg5 Nc6 6. Qc3 Nf6 7. Nbd2 Be7 8.
Bc4 O-O 9. O-O h6 10. Bf4 Nh5 11. Be3 Bf6 12. Qa3 Bd7 13. c3 Be7 14. Bd5 Nf6
15. c4 Ng4 16. Bf4 Nge5 17. Rfc1 a5 18. c5 Ng6 19. cxd6 Nxf4 20. dxe7 Qxe7 21.
Qxe7 Nxe7 22. Bxb7 Ra7 23. Bd5 Nexd5 24. exd5 Nxd5 25. Ne5 Be6 26. Ne4 Re8 27.
Nc5 Nf6 28. Nc6 Raa8 29. Re1 Bd5 30. Rxe8+ Rxe8 31. Nxa5 Re2 32. b3 Ng4 33. Nd3
Rd2 34. h3 Rxd3 35. hxg4 Rd2 36. a3 Rb2 37. b4 Kh7 38. Rc1 Ra2 39. Rxc7 Rxa3
40. Rc5 Be6 41. f3 Kg6 42. Nc6 Rb3 43. b5 Kf6 44. Kh2 Rb2 45. Nd4 Bd7 46. Rc7
Be8 47. Ra7 Rb4 48. Nf5 Bxb5 49. Rb7 Rb3 50. Nd4 1-0

[Event "Elit(Kamraterna-Manhem)"]
[Site "?"]
[Date "2006.??.??"]
[Round "8"]
[White "Borvander, Tom"]
[Black "Kinnmark, Ove"]
[Result "0-1"]
[WhiteElo "2238"]
[BlackElo "2280"]
[PlyCount "80"]
[EventDate "2006.??.??"]

1. d4 Nf6 2. c4 e6 3. Nc3 Bb4 4. Qc2 d6 5. a3 Bxc3+ 6. Qxc3 Nbd7 7. Nf3 Qe7 8.
b4 O-O 9. Bb2 Re8 10. e3 e5 11. dxe5 Nxe5 12. Nxe5 dxe5 13. Bd3 b6 14. O-O Bb7
15. Rae1 Rad8 16. f4 exf4 17. Rxf4 Qd6 18. Rd4 Qe6 19. Rh4 h6 20. Bc2 Rd7 21.
h3 h5 22. Rf4 Qd6 23. Rd1 Qc6 24. Rf2 Rxd1+ 25. Bxd1 Qe6 26. Bf3 Bxf3 27. Rxf3
Rd8 28. c5 Rd1+ 29. Kh2 Ne8 30. Rg3 f6 31. Qc2 Rf1 32. Qe2 Qf5 33. Qc4+ Kf8 34.
Bc3 Qf2 35. Rf3 Qg1+ 36. Kg3 Rc1 37. Qd3 h4+ 38. Kxh4 Qxg2 39. Rg3 Qf2 40. Kg4
f5+ 0-1

[Event "Elit(Kamraterna-Manhem)"]
[Site "?"]
[Date "2006.??.??"]
[Round "8"]
[White "Moberg, Karl-Johan"]
[Black "Hamark, Jesper"]
[Result "1/2-1/2"]
[WhiteElo "2308"]
[BlackElo "2304"]
[PlyCount "122"]
[EventDate "2006.??.??"]

1. d4 d5 2. c4 e6 3. Nf3 Nf6 4. Bg5 Nbd7 5. Nc3 c6 6. e3 Qa5 7. Bxf6 Nxf6 8.
Bd3 Bb4 9. Qb3 c5 10. O-O cxd4 11. exd4 dxc4 12. Bxc4 O-O 13. Ne5 Bxc3 14. bxc3
Qc7 15. a4 Bd7 16. Bb5 Rfd8 17. Rfe1 Rac8 18. Ra3 Be8 19. h3 Nd7 20. Bxd7 Bxd7
21. Qb2 Be8 22. Rb1 b6 23. Re1 Bc6 24. Nxc6 Qxc6 25. Qb5 Rd5 26. Qxc6 Rxc6 27.
Kf1 Kf8 28. Rb1 Rc4 29. Ke2 Ra5 30. Rba1 Ke7 31. Kd3 Rc7 32. c4 Kd6 33. Rb1 e5
34. Rb5 exd4 35. Kxd4 Re7 36. Rxa5 bxa5 37. Re3 Rb7 38. c5+ Kc6 39. Rc3 Rb4+
40. Rc4 Rb1 41. Rc3 Re1 42. Rb3 Rd1+ 43. Ke3 Re1+ 44. Kf3 Re5 45. Rb8 Kxc5 46.
Rb5+ Kd4 47. Rb7 Rf5+ 48. Kg3 a6 49. f4 Rf6 50. Kf3 h5 51. g4 hxg4+ 52. hxg4 g6
53. g5 Rf5 54. Kg4 Ke3 55. Re7+ Kd4 56. Rc7 Kd5 57. Rc8 Kd6 58. Rb8 Kc6 59. Rf8
Kc5 60. Rb8 Kc4 61. Rb7 Kc5 1/2-1/2

[Event "Elit(Kamraterna-Manhem)"]
[Site "?"]
[Date "2006.??.??"]
[Round "8"]
[White "Madebrink, Lars"]
[Black "Hultin, Johan"]
[Result "0-1"]
[WhiteElo "2220"]
[BlackElo "2296"]
[PlyCount "103"]
[EventDate "2006.??.??"]

1. d4 Nf6 2. Nf3 d5 3. Bf4 Bf5 4. e3 e6 5. c4 Bxb1 6. Rxb1 Bb4+ 7. Ke2 Bd6 8.
Qa4+ c6 9. Bxd6 Qxd6 10. g3 O-O 11. Bg2 Nbd7 12. cxd5 cxd5 13. Rhc1 Rfc8 14.
Nd2 a6 15. Kf1 Rc7 16. Qd1 Rac8 17. Nb3 g6 18. Bf3 Kg7 19. Be2 h5 20. Rxc7 Rxc7
21. Rc1 h4 22. Kg2 Ne4 23. Rxc7 Qxc7 24. Qc1 Qd8 25. f3 Nd6 26. Nc5 hxg3 27.
hxg3 Nb6 28. b3 Nbc8 29. Bd3 Qa5 30. Qc2 Qe1 31. Qe2 Qa1 32. Qd2 Ne7 33. g4 e5
34. dxe5 Qxe5 35. Be2 Nc6 36. Nd3 Qf6 37. Nf4 d4 38. exd4 Nxd4 39. Bd1 N6b5 40.
Qe3 Nc3 41. Qxc3 Qxf4 42. Bc2 b6 43. Be4 Qd6 44. b4 f6 45. a3 Ne6 46. Kf2 Kh6
47. Qc1+ Kh7 48. Qc3 Ng5 49. Qe3 Nh3+ 50. Ke1 Nf4 51. Qd2 Qe5 52. Kf2 0-1

[Event "Elit(Skara-Eksjo)"]
[Site "?"]
[Date "2006.??.??"]
[Round "8"]
[White "Vernersson, Per"]
[Black "Gausel, Einar"]
[Result "0-1"]
[WhiteElo "2522"]
[BlackElo "2563"]
[PlyCount "70"]
[EventDate "2006.??.??"]

1. Nf3 d5 2. c4 c6 3. d4 Nf6 4. Nc3 e6 5. e3 Nbd7 6. Qc2 Bd6 7. Be2 O-O 8. O-O
dxc4 9. a4 a5 10. Bxc4 Qe7 11. h3 e5 12. Re1 e4 13. Nd2 Nb6 14. Bf1 Re8 15. Nc4
Nxc4 16. Bxc4 Bb8 17. Bf1 h5 18. f4 exf3 19. gxf3 Nd5 20. Nxd5 cxd5 21. Qf2
Qg5+ 22. Kh1 Bg3 23. Qg2 Qh4 24. Bd2 Bf5 25. Rec1 Re6 26. Rc5 Rg6 27. Rxd5 Be6
28. Rxa5 Rxa5 29. Bxa5 Bd6 30. Be1 Qf6 31. Qc2 Qxf3+ 32. Bg2 Qxe3 33. Qf2 Qb3
34. Bc3 Bd5 35. Rg1 Rg3 0-1

[Event "Elit(Skara-Eksjo)"]
[Site "?"]
[Date "2006.??.??"]
[Round "8"]
[White "Djurhuus, Rune"]
[Black "Schussler, Harry"]
[Result "1-0"]
[WhiteElo "2598"]
[BlackElo "2459"]
[PlyCount "85"]
[EventDate "2006.??.??"]

1. e4 d5 2. exd5 Qxd5 3. Nc3 Qd6 4. g3 Nf6 5. Bg2 c6 6. d4 Bg4 7. Nge2 e6 8. h3
Bh5 9. g4 Bg6 10. Nf4 Nbd7 11. Be3 Qc7 12. Nxg6 hxg6 13. Qf3 Nb6 14. Ne2 Nc4
15. Bc1 Be7 16. b3 Nb6 17. c4 a5 18. Bf4 Qd8 19. a4 Bb4+ 20. Kf1 Nbd7 21. Qg3
Qe7 22. Rd1 O-O 23. Nc1 Ne8 24. g5 Nd6 25. h4 Nf5 26. Qh2 Nxd4 27. h5 e5 28.
Be4 Nf3 29. Qh3 Nxg5 30. Bxg5 Qxg5 31. hxg6 fxg6 32. Qxd7 Rxf2+ 33. Kxf2 Bc5+
34. Ke1 Qe3+ 35. Ne2 Bb4+ 36. Rd2 Bxd2+ 37. Kd1 Rf8 38. Qe6+ Rf7 39. Bxg6 Qxb3+
40. Kxd2 Qb4+ 41. Nc3 Qb2+ 42. Kd3 e4+ 43. Bxe4 1-0

[Event "Elit(Skara-Eksjo)"]
[Site "?"]
[Date "2006.??.??"]
[Round "8"]
[White "Ziegler, Ari"]
[Black "Miskulin, Dennis"]
[Result "1-0"]
[WhiteElo "2377"]
[BlackElo "2299"]
[PlyCount "57"]
[EventDate "2006.??.??"]

1. d4 Nf6 2. e3 d6 3. c4 g6 4. Nc3 Bg7 5. Be2 O-O 6. Nf3 c5 7. O-O cxd4 8. exd4
d5 9. Re1 Nc6 10. h3 e6 11. c5 Ne4 12. Bb5 Nxc3 13. bxc3 Bd7 14. Bf4 Re8 15.
Qd2 Na5 16. Bd3 b6 17. cxb6 axb6 18. h4 Nc4 19. Bxc4 dxc4 20. h5 Bc6 21. hxg6
hxg6 22. Ne5 Qd5 23. f3 Red8 24. Ng4 b5 25. Be5 f5 26. Nf6+ Bxf6 27. Bxf6 Rf8
28. Qg5 Be8 29. Qh4 1-0

[Event "Elit(Skara-Eksjo)"]
[Site "?"]
[Date "2006.??.??"]
[Round "8"]
[White "Thornert, Hakan"]
[Black "Friberg, Hans"]
[Result "1/2-1/2"]
[WhiteElo "2277"]
[BlackElo "2254"]
[PlyCount "95"]
[EventDate "2006.??.??"]

1. e4 Nf6 2. e5 Nd5 3. d4 d6 4. Nf3 Bg4 5. Be2 c6 6. O-O Bxf3 7. Bxf3 dxe5 8.
dxe5 e6 9. Qe2 Nd7 10. c4 Ne7 11. Bg4 h5 12. Bh3 Qc7 13. f4 g6 14. Nc3 O-O-O
15. Ne4 Nf5 16. Be3 Nxe3 17. Qxe3 Qb6 18. Qxb6 axb6 19. a3 Be7 20. b4 Kc7 21.
Rad1 Ra8 22. Rd3 Rhd8 23. Rfd1 g5 24. g3 g4 25. Bf1 f6 26. exf6 Nxf6 27. Ng5
Rd6 28. Rxd6 Bxd6 29. Nxe6+ Kd7 30. Ng7 c5 31. Nf5 Ne8 32. b5 Rxa3 33. Re1 Bf8
34. Bg2 Nd6 35. Nxd6 Kxd6 36. Bxb7 Bg7 37. Bd5 Bd4+ 38. Kh1 Bf2 39. Re2 Ra1+
40. Kg2 Bd4 41. h3 Rg1+ 42. Kh2 h4 43. hxg4 Rxg3 44. Rg2 Be3 45. f5 Rxg2+ 46.
Kxg2 Ke5 47. Kf3 Bg5 48. Bb7 1/2-1/2